Educación para adultos: los sistemas periféricos educativos, el caso de la educación para la salud /

Gespeichert in:
Bibliographische Detailangaben
1. Verfasser: Hidalgo San Martín, Alfredo
Format: Text
Schlagworte:
Tags: Tag hinzufügen
Keine Tags, Fügen Sie den ersten Tag hinzu!

MARC

LEADER 00000 a a2200000 04500
001 47522
003
040
090 |a REV0857 6 (16) 1980  
100 |a Hidalgo San Martín, Alfredo  
245 |a Educación para adultos:   |b los sistemas periféricos educativos, el caso de la educación para la salud /  |c Alfredo Hidalgo San Martín  
650 |a EDUCACION DE ADULTOS  
650 |a SISTEMA EDUCATIVO  
650 |a EDUCACION SANITARIA  
650 |a POBLACION  
773 |g volumen6, número16, mayo-agosto (1980)  
999 |c 33329  |d 33329